| 000 | 00701cam a2200229 a 4500 | ||
|---|---|---|---|
| 001 | 000010895 | ||
| 003 | OSt | ||
| 005 | 20200929162319.0 | ||
| 008 | 980429s1997 ve a b 000 0 spa | ||
| 020 | _a9803540408 | ||
| 040 |
_aDO-SdBNP _bspa _cBNPHU |
||
| 100 | 1 |
_aSequera de Gómez, Carmen. _926225 |
|
| 245 | 1 | 0 |
_aAgenda de la fauna venezolana : _bvertebrados representativos / _cCarmen Sequera de Gómez. |
| 260 |
_aCaracas, (Venezuela) : _bAlfadil, _c1997. |
||
| 300 |
_a119 p. : _bil. ; _c20 cm. |
||
| 490 | 1 |
_aAmeritextos _v16 |
|
| 504 | _aBibliografía : p. 115-116 | ||
| 650 | 0 |
_aVertebrates _zVenezuela. _926265 |
|
| 830 |
_aAmeritextos, 16 _976697 |
||
| 942 |
_2ddc _cLF1 |
||
| 956 | _aLOPEREZ | ||
| 999 |
_c10635 _d10635 |
||